00883nam a22002177a 45000010005000000030006000050050017000110080041000280200018000690400029000870500015001160820011001311000021001422450097001632500044002602600038003043000055003425200194003976500035005917000039006265849FISKH20250124144811.0250124b cb ||||| |||| 00| 0 eng d a9780590427609 aFISKHbengcFISKHdFISKH aTL793.S925 a629.45 aSullivan, George aThe day we walked on the moon :bA photo history of space explorations /cby George Sullivan aFirst Scholastic printing, January 1990 aNew York : bScholastic , c1990. a72 pages : bcolor illustrations, maps ;c26 cm .  aTraces the technological developments which have made it possible to explore outer space and walk on the moon. Also discusses the training of astronauts and the future of space exploration. aspace explorationvnon-fiction aMorrissey, Georgia ebook designer